creating competent communication (Record no. 10336)

MARC details
000 -LEADER
fixed length control field 00385nam a22001577a 4500
003 - CONTROL NUMBER IDENTIFIER
control field OSt
005 - DATE AND TIME OF LATEST TRANSACTION
control field 20211007113426.0
008 - FIXED-LENGTH DATA ELEMENTS--GENERAL INFORMATION
fixed length control field 211007b |||||||| |||| 00| 0 eng d
020 ## - INTERNATIONAL STANDARD BOOK NUMBER
International Standard Book Number 07877224871
040 ## - CATALOGING SOURCE
Transcribing agency HU
082 ## - DEWEY DECIMAL CLASSIFICATION NUMBER
Classification number 302.2/HUG
100 ## - MAIN ENTRY--PERSONAL NAME
Personal name lawrence w, hujnbery
9 (RLIN) 11185
245 ## - TITLE STATEMENT
Title creating competent communication
260 ## - PUBLICATION, DISTRIBUTION, ETC.
Place of publication, distribution, etc. america
Name of publisher, distributor, etc. hall
Date of publication, distribution, etc. 1997
942 ## - ADDED ENTRY ELEMENTS (KOHA)
Source of classification or shelving scheme Dewey Decimal Classification
Koha item type Books like text book referance book
Suppress in OPAC No
Holdings
Withdrawn status Lost status Source of classification or shelving scheme Damaged status Not for loan Home library Current library Shelving location Date acquired Total Checkouts Full call number Barcode Date last seen Copy number Price effective from Koha item type
    Dewey Decimal Classification     Social Library Social Library Fiction 10/07/2021   302.2/hug SHLIB 00001788 10/07/2021 4 10/07/2021 Books like text book referance book